[Event "Olympiad-38"]
[Site "Dresden"]
[Date "2008.11.22"]
[Round "9"]
[White "Fedorov, Alexei"]
[Black "Markos, Jan"]
[Result "0-1"]
[WhiteElo "2584"]
[BlackElo "2557"]
[Annotator "Rogozenco,D"]
[PlyCount "142"]
[EventDate "2008.11.13"]
[EventType "team-swiss"]
[EventRounds "11"]
[EventCountry "GER"]
[SourceTitle "CBM 128"]
[Source "ChessBase"]
[SourceDate "2009.01.28"]
[SourceVersion "1"]
[SourceVersionDate "2009.01.28"]
[SourceQuality "1"]
[WhiteTeam "Belarus"]
[BlackTeam "Slovakia"]
[WhiteTeamCountry "BLR"]
[BlackTeamCountry "SVK"]

1. e4 c5 2. Nf3 Nc6 3. d4 cxd4 4. Nxd4 Nf6 5. Nc3 e5 6. Ndb5 d6 7. Bg5 a6 8.
Na3 b5 9. Nd5 Be7 10. Bxf6 Bxf6 11. c4 b4 12. Nc2 O-O {Given the fact that
taking the b4-pawn leads White nowhere, 12...0-0 is the most flexible
continuation. It also offers Black an additional possibility to use the
a5-square and implement the plan ...Qa5-c5.} 13. Be2 (13. Ncxb4 Nxb4 14. Nxb4
Qb6 15. Nd5 (15. Qd2 Rb8 16. Nd5 Qxb2 17. Qxb2 Rxb2 $15 {Torres Samper,R (2119)
-Nunez,A (2205)/Benidorm 2003}) (15. Nd3 $6 Qd4 $17) (15. Qb3 Rb8 16. Nd5 Qxb3
17. Nxf6+ gxf6 18. axb3 Rxb3 19. O-O-O Rb6 $11 {Zaragatski,I (2419)-Koch,M 
(2273)/Nuernberg 2008}) 15... Qxb2 16. Bd3 (16. Nxf6+ gxf6 17. Bd3 Qc3+ 18. Ke2
Rb8 19. Rb1 Be6 $132) 16... Bd8 17. O-O Be6 $11 {1/2-1/2 Anand,V (2798)
-Radjabov,T (2744)/Bilbao 2008 (34)}) (13. g3 Bg5 14. Bg2 (14. h4 $5 Bh6 15.
Bh3) 14... Qa5 $1 {In this situation the plan to bring the queen to c5 is the
quickest way to equality.} 15. O-O Qc5 $11 16. Qd3 (16. b3 Be6 17. h4 Bh6 18.
Nde3 (18. Qd3 a5 19. Rfd1 Rfd8 $11) 18... Bxe3 (18... g6 19. Qd3 a5 20. Rad1
Rfd8 21. Kh2 a4 22. Bh3 axb3 23. axb3 Bxe3 24. Nxe3 Ra2 $132 {0-1 Balogh,C 
(2616)-Wang Yue (2736)/Beijing (blitz) 2008}) 19. Nxe3 a5 $11 {0-1 Balogh,C 
(2616)-Wang Yue (2736)/Beijing (blitz) 2008 (50)}) 16... a5 17. b3 Ra7 18. Rad1
Bg4 19. Bf3 Bh3 20. Bg2 Bg4 21. Bf3 Bh3 (21... Be6 $5) 22. Bg2 {1/2-1/2
Womacka,M (2429)-Rogozenco,D (2543) Germany 2008}) (13. h4 Be6 14. g3 a5 ({
In case of} 14... Bxd5 15. cxd5 Ne7 {White should already take the pawn} 16.
Nxb4 {and after} Qb6 {continue} 17. Qd2 $1 ({but not} 17. Nd3 $2 Nxd5 $1 18.
exd5 e4 19. Nf4 Qxb2 20. Rc1 Rac8 21. Rxc8 Rxc8 $19 {Wang Li (2392)-So,W (2577)
/Manila 2008})) 15. Bh3 {transposes to one of the main positions of the 11.
c4-variation, where in the summer 2008 Shirov introduced an important novelty:}
a4 {with sufficient counterplay for Black. For instance:} 16. Ncxb4 (16. b3 Nd4
$5 17. Nxd4 exd4 18. Kf1 (18. Rc1 Re8 $11) 18... Bxd5 19. exd5 d3 20. Rc1 (20.
Rb1 axb3 21. axb3 Ra2 22. Qxd3 Qb6 23. Rh2 Re8 $44) 20... axb3 21. axb3 Bb2 22.
Rb1 Ra2 23. Qxd3 Bc3 24. Kg2 Re8 $44) (16. Kf1 b3 17. axb3 axb3 18. Na3 Nd4 19.
Kg2 Ra5 $11) 16... Nxb4 17. Bxe6 fxe6 18. Nxb4 Qb6 19. Qd2 (19. a3 $2 Bxh4)
19... Be7 (19... a3 20. b3 Be7 21. Nc2 (21. Nd3 Qd4 22. O-O Rf3 $17) 21... Rf3
22. O-O-O (22. Ne3 d5 23. O-O (23. exd5 $2 Bb4 $19) 23... Bc5 24. Nxd5 Qb7 $44)
22... Rxf2 23. Qd3 $14) 20. a3 Rf3 $5 (20... Qb7 21. Qd3 d5 22. exd5 Bxb4+ 23.
axb4 Qxb4+ 24. Qc3 $11) 21. Rf1 (21. Nd5 $2 exd5 22. Qxd5+ Kh8 23. Qxa8+ Rf8
$19) (21. c5 $142 dxc5 (21... Qxc5 22. Rc1 Rxf2 (22... Qb6 23. Nd5 $14) 23.
Rxc5 Rxd2 24. Kxd2 dxc5 25. Nd3 (25. Nc6 Bd6 $17) 25... Rf8 26. Ke2 c4 27. Nxe5
Rc8 28. Rc1 c3 $13 {/=}) 22. Nd5 Qd6 23. Nxe7+ Qxe7 24. O-O c4 (24... Rd8 25.
Qa5 g5 $2 26. h5 Rdd3 27. Rac1 Qb7 28. Qxc5 {1-0 Korneev,O (2631)-Salvador,R 
(2443)/Bratto 2008}) 25. Rac1 Qc5 26. Kg2 Raf8 27. Rc2 Qc6 $13 {/=}) 21... Raf8
22. O-O-O Rb3 (22... Rxf2 23. Rxf2 Rxf2 24. Qd3 Rh2 25. Rf1 (25. Rd2 Rh3 $17)
25... h6 $13) (22... Qc5 23. Kb1 (23. Qe2 Rxf2) 23... Qxc4 $15) 23. Qc2 d5 24.
exd5 Bxb4 25. axb4 Qxb4 $6 (25... Rxb4 $1 26. dxe6 (26. c5) 26... Qxe6 $15) 26.
dxe6 $11 {1-0 Nisipeanu,L (2684)-Shirov,A (2740)/Foros 2008 (36)}) 13... Bg5
14. O-O Qa5 $146 {Markos follows the same plan shown in comments to 13.g3 (see
above). But Fedorov finds the drawback of the queen on c5: with the bishop on
the diagonal a6-f1 the pawn c4 is protected and White can play for a quick a3
followed by b4.} (14... Rb8) (14... a5) 15. b3 Qc5 (15... Be6 16. a3 (16. Qd3
Qc5 17. a3 a5) 16... bxa3 17. Rxa3 Qd8 18. b4 Qb8 19. Ra4 Qb7 20. Qd3 $14) 16.
a3 $1 bxa3 17. b4 Qa7 18. Rxa3 $14 Ne7 19. Nde3 Bxe3 (19... Qc7 20. Qd3 $14)
20. Rxe3 ({Stronger is} 20. Nxe3 {with better prospects for White. For
instance:} Qb6 (20... Bb7 $2 21. Qxd6 Bxe4 22. b5 (22. Qxe5)) (20... Rd8 21.
Rd3 $16) 21. Qd2 Rb8 (21... Rd8 22. Rd1 Nc6 $140 23. Nd5 Qb7 24. Rg3 $40) 22.
Rb1 (22. Rd3 Qxb4 23. Qxb4 Rxb4 24. Rxd6 a5 25. Ra1 a4 26. Bd1 Bb7 27. f3 Bc6
28. Nd5 $14) 22... Nc6 23. Nd5 $14) 20... Qc7 21. Qd2 (21. Rd3 $142 Qxc4 22.
Rxd6 Qc7 23. Qd2 $14 {[%csl Ra6]}) 21... Bb7 22. f3 f5 $1 $132 23. Rd1 ({
Black also gets sufficient counterplay after} 23. exf5 Nxf5) 23... fxe4 24.
fxe4 {[%csl Re4] The position is still about equal, but now it is Black who
has an easier game.} Rad8 25. Bd3 Ng6 26. g3 Qb6 27. Kg2 Kh8 28. Re2 Ne7 $1 {
The knight goes to f6.} 29. Rf2 Ng8 30. Rdf1 Rxf2+ 31. Rxf2 Qc7 32. Qg5 Re8 33.
Ne3 Nf6 34. Qh4 (34. Rxf6 gxf6 35. Qxf6+ Qg7 (35... Kg8 $2 36. Nf5 $18) 36.
Qxd6 $13) 34... Qd8 $1 35. Nd5 Bxd5 $1 36. cxd5 (36. exd5 e4 37. Be2 $13 {/=/+}
) 36... Rf8 37. g4 a5 38. bxa5 Qxa5 39. g5 Nd7 40. Be2 (40. Rxf8+ Nxf8 41. Qg4
Qc3 $15) 40... Qd8 $15 {With the Q+N versus Q+B Black can play for a win for a
long time without any risk.} 41. Bg4 Rxf2+ 42. Kxf2 Qf8+ 43. Bf3 Qf4 44. Qg3 (
44. Qxf4 exf4 45. Bg4 Ne5 46. Be6 g6 {is not good for White either: Black
continues Kg7, then exchanges a pawn with h7-h6 (or maybe he can play h7-h5)
and then goes to the king to the queenside, coming to d4. White seems to be
lost.} (46... h6 {allows White to escape with the king:} 47. g6 $1 Nxg6 48. Kf3
$11)) 44... Qd2+ 45. Kg1 Nc5 46. Qg4 Qc1+ 47. Kg2 Nd3 48. h4 Nf4+ 49. Kf2 Qc5+
50. Kf1 Qc7 51. Qf5 $1 Kg8 52. Kf2 Qd8 53. Bg4 {Fedorov finds the correct
arrangement of pieces. The queen stays on f5 until it provokes the move ...g6
and then after the exchange of queens White will always have counterplay by
attacking the black kingside pawns on the light squares.} Qb6+ 54. Ke1 Qb1+ 55.
Kd2 Qb2+ 56. Kd1 Qb3+ 57. Kd2 Qb7 58. Kc3 ({Even if} 58. Qc8+ {is also
sufficient for a draw, it makes no sense to remove the queen before Black
plays ...g7-g6.}) 58... Qc7+ 59. Kb3 Qd8 (59... Qb8+ 60. Kc4 Ng2 61. Qe6+ Kh8
62. h5 $11) 60. h5 $2 {Unfortunately for Fedorov this is the worst moment to
exchange queens, since the king on b3 is just too far away.} (60. Kc4 {is a
draw. E.g.} g6 (60... Ng2 61. Qe6+ Kh8 62. Kb5 $132) 61. Qd7 Qxd7 62. Bxd7 Kf8
63. Kb5 Ke7 64. Kc6 Ng2 65. Be6 Nxh4 66. Bg8 $11) 60... g6 $1 61. hxg6 hxg6 62.
Qc8 $2 (62. Qd7 {would have still offered chances to escape:} Qxd7 63. Bxd7 Nd3
(63... Kf8 64. Kc4 $11) 64. Be8 ({or} 64. Kc4) 64... Nc5+ 65. Kc4 Nxe4 (65...
Kg7 66. Kb5 Nxe4 67. Kc6 Nc3 68. Kxd6 e4 69. Bd7 e3 70. Bg4 $11) 66. Bxg6 Nxg5
$17) 62... Qxc8 63. Bxc8 Nd3 $1 $19 64. Kc4 Nc5 65. Kb5 Kf7 66. Bf5 (66. Kc6
Ke7 $19 ({also} 66... Nxe4 67. Kd7 Kf8 {wins since White is in zugzwang and
must allow the black king to come to e7.})) 66... gxf5 67. exf5 e4 68. Kc4 e3
69. g6+ Kf6 70. Kc3 Ne4+ 71. Kd3 Ng3 0-1

[Event "Moscow Aeroflot op-A"]
[Site "Moscow"]
[Date "2004.02.23"]
[Round "7"]
[White "Ehlvest, Jaan"]
[Black "Van Wely, Loek"]
[Result "0-1"]
[WhiteElo "2602"]
[BlackElo "2617"]
[Annotator "Rogozenco,D"]
[PlyCount "89"]
[EventDate "2004.02.17"]
[EventType "swiss"]
[EventRounds "9"]
[EventCountry "RUS"]
[SourceTitle "CBM 100"]
[Source "ChessBase"]
[SourceDate "2004.06.01"]
[SourceVersion "1"]
[SourceVersionDate "2004.06.01"]
[SourceQuality "1"]

1. e4 c5 2. Nf3 Nc6 3. d4 cxd4 4. Nxd4 Nf6 5. Nc3 e5 6. Ndb5 d6 7. Bg5 a6 8.
Na3 b5 9. Bxf6 gxf6 10. Nd5 f5 11. Bd3 Be6 12. O-O Bxd5 13. exd5 Ne7 14. Nxb5
$6 {This wins a pawn, but thanks to the open files Black has good play on both
wings.  Besides, White often remains with a "bad" bishop versus a knight. The
present game illustrates it perfectly.} Bg7 (14... axb5 $4 15. Bxb5+ $18) 15.
Nc3 (15. Na3 $2 e4 $17) 15... e4 16. Bc4 Ng6 (16... Bxc3 {in my opinion this
is slightly more precise, reducing from White's possibilities.} 17. bxc3 Ng6
$44 {[%csl Rc2,Rc3,Rc4,Rd5][%cal Gd8f6,Yg6e5,Yg6f4]}) 17. Qh5 $6 (17. Qd2 $5) (
17. Ne2 f4 18. f3 Qb6+ 19. Kh1 e3 20. Rb1 O-O 21. Bb3 Kh8 22. Ba4 Ra7 23. c4
Be5 $44 {0-1 Kuijf,M-Van den Doel,E/Haarlem 1994 (45)}) 17... Bxc3 $1 18. bxc3
Qf6 19. Rae1 (19. f4 O-O 20. Bb3 (20. Rae1 Rfc8 21. Bb3 Rxc3 22. Kh1 Kh8 23.
Qg5 Kg7 $15 {0-1 Manion,J-Shaked,T/USA 1992 (37)}) 20... Rfc8 21. g4 {1-0 Nunn,
J-Polgar,Z/Munich 1991 (60)} Rxc3 22. gxf5 (22. Qxf5 Qxf5 23. gxf5 Nh4 24. f6
Nf3+ 25. Kh1 Kh8 $17 {[%cal Ga8g8,Gg8g4]}) 22... Nh4 $17) (19. Rfe1 Nf4 20. Qd1
Qxc3 21. Bf1 Nh3+ $1 22. gxh3 Rg8+ 23. Kh1 Qg7 24. Bb5+ axb5 25. Rg1 Qxg1+ 26.
Qxg1 Rxg1+ 27. Kxg1 Ke7 $19 {[%cal Ge7f6,Gf6e5] 0-1 Astengo,C-Pavlovic,M/Saint
Vincent 2003 (39)}) 19... Rg8 20. f4 Kf8 21. Re3 Rc8 22. Bb3 (22. Bxa6 Rxc3 23.
Rxc3 Qxc3 $15 24. Qxf5 Nh4 $17 25. Qd7 (25. Qxe4 Rxg2+ 26. Kh1 Qh3 $19) 25...
Rxg2+ 26. Kh1 Kg7 $19) 22... Rxc3 $15 {[%csl Rb3] /-/+} 23. Rxc3 Qxc3 24. g3 (
24. Qxf5 Nh4 $19) 24... a5 25. a4 Qf6 26. Kh1 Kg7 27. Qe2 Rc8 28. Rd1 Qc3 29.
Rf1 h5 30. Qg2 (30. Qxh5 Rh8 {followed by 31...Qxg3 is totally winning.}) 30...
Qe3 31. Rf2 Nf8 {Black practically plays with an extra piece. All he needs to
do is to find the most optimal square for the knight. Unfortunately for White,
there are no perspectives at all for his bishop, so basically White is forced
to watch his opponent improving the position.} 32. Qf1 Nd7 33. Rg2 Qc3 34. Qa6
Qc5 35. Qf1 Nf6 36. Rd2 Qe3 37. Re2 Qc3 38. Kg1 Ng4 $19 39. Qe1 Qd4+ 40. Kg2
Rc3 41. h3 (41. Qd2 Qc5 42. Qe1 h4 43. gxh4 Rf3 $19) 41... Nf6 {[%csl Rg3]} 42.
Kh2 Rf3 43. Rg2 Qc3 44. Qg1 h4 {A picturesque position.} 45. gxh4+ (45. gxh4+ {
Black can choose between many wins. Two of them are:} Kf8 (45... Ng4+ 46. Rxg4+
fxg4 47. Qxg4+ Kf8) 46. Rg3 Qd2+ 47. Kh1 Rxg3 48. Qxg3 e3) 0-1

[Event "FRA-ch"]
[Site "Val d'Isere"]
[Date "2004.08.18"]
[Round "3"]
[White "Sokolov, Andrei"]
[Black "Lautier, Joel"]
[Result "0-1"]
[WhiteElo "2583"]
[BlackElo "2666"]
[Annotator "Rogozenco,D"]
[PlyCount "70"]
[EventDate "2004.08.16"]
[EventType "tourn"]
[EventRounds "11"]
[EventCountry "FRA"]
[EventCategory "13"]
[SourceTitle "CBM 103"]
[Source "ChessBase"]
[SourceDate "2004.11.11"]
[SourceVersion "1"]
[SourceVersionDate "2004.11.11"]
[SourceQuality "1"]

1. e4 c5 2. Nf3 Nc6 3. d4 cxd4 4. Nxd4 Nf6 5. Nc3 e5 6. Ndb5 d6 7. Bg5 a6 8.
Na3 b5 9. Bxf6 gxf6 10. Nd5 f5 11. c3 Bg7 12. Nxb5 $6 {Andrei Sokolov chooses
a doubtful variation without any improvement in mind. He might have mixed
something with the move order.} ({If White is willing to play this sharp and
controversial line of Sveshnikov Sicilian, then the indicated move order is} 
12. Bd3 Be6 13. Nxb5 axb5 14. Bxb5 Bd7 {(no possibility for Black to play Bb7
here)} 15. exf5 $13) 12... axb5 13. Bxb5 Bb7 $1 {The well-known difference -
black bishop is considerably better placed on b7 than on d7. Black already has
better chances.} (13... Bd7 14. exf5 {leads to the above-mentioned line.}) 14.
Nb4 (14. exf5 Kf8 $5 (14... Qg5) (14... O-O) 15. O-O Ne7 $17) 14... Qd7 (14...
Rc8 15. Qa4 {is less clear, since Black won't have the possibility to disturb/
attack white bishop later.}) 15. exf5 Kf8 $1 {Avoiding the trap. Black mustn't
fear a move like Kf8 in such positions - the rook will be excellently placed
on g8 and all black pieces will coordinate very well.} (15... O-O $2 16. f6 $1
(16. Qh5 $2 {0-1 Grobelsek,A-Jelen,I/Nova Gorica 2004 (37)}) 16... Bxf6 17. Qf3
Nxb4 18. Qg3+ $18) 16. O-O (16. a4 Qc7 17. Nd5 Qd8 18. Bc4 e4 19. O-O Ne5 20.
Ne3 Nxc4 21. Nxc4 d5 $17 {1-0 Van Kempen,H-Binelli,R/CAPA email 1999 (41)}) (
16. f6 Bxf6 17. Qf3 Nxb4 18. Qxf6 Nc2+ 19. Kd2 Qxb5 $19) 16... Rg8 17. g3 Ra5
$1 18. Bxc6 {White is in real troubles if he must make such sad decisions,
accepting that he totally lost the battle for initiative.} (18. a4 Rxb5 19.
axb5 Nxb4 20. cxb4 $17 Bf6 $5 {[%cal Gf8g7]}) 18... Bxc6 19. Nxc6 Qxc6 {
Obviously three pawns don't represent enough compensation for the bishop here.
White pawns are not advanced and only represent targets for attack for
opponent's active pieces.} 20. Re1 {A tricky move in a bad position -
Sokolov's only practical chance is to set up some traps.} Bf6 {Black simply
brings all pieces into play, at the same time avoiding another trap.} (20... e4
$2 21. Rxe4 $1 Qxe4 $140 $2 22. Qxd6+ Qe7 (22... Ke8 23. Qb8+) 23. Qb8+ Qe8 24.
Qb4+) 21. a4 (21. b4 Ra3 22. Qc1 Rxc3 23. Qh6+ Ke7 $19 (23... Bg7 $2 24. Qh4 $1
f6 25. a4 $17 Rc4 $6 26. b5 Rxh4 $2 27. bxc6 Rc4 28. Reb1 $1 $132)) 21... e4
22. Qd2 Kg7 $19 (22... Rxa4 $2 {would offer White hopes for resistance:} 23.
Rxa4 Qxa4 24. Qh6+ $5 (24. Qxd6+ Kg7 25. Qf4 $17) 24... Ke7 25. f3 $17) 23. Ra3
Rga8 $1 {The most precise.} (23... Rxa4 24. Rxa4 Qxa4 25. Qxd6 $19) 24. Rea1
Rxa4 25. Rxa4 Rxa4 26. Rxa4 Qxa4 27. Qxd6 Qa1+ 28. Kg2 Qxb2 29. Qf4 Qe2 {
Andrei should have accepted the defeat here. Playing further is simply
pointless.} 30. h4 h6 (30... Bxc3 $4 31. Qg5+ Kf8 32. Qd8+ $19) 31. Kh3 Bxc3
32. g4 Bf6 33. g5 (33. Kg3 Qe1 $19) 33... hxg5 34. hxg5 Qh5+ 35. Qh4 Qf3+ 0-1

[Event "RUS-chT 12th"]
[Site "Sochi"]
[Date "2005.04.19"]
[Round "1"]
[White "Efimenko, Zahar"]
[Black "Smirnov, Pavel"]
[Result "1/2-1/2"]
[WhiteElo "2620"]
[BlackElo "2624"]
[Annotator "Rogozenco,D"]
[PlyCount "101"]
[EventDate "2005.04.19"]
[EventType "team-tourn"]
[EventRounds "11"]
[EventCountry "RUS"]
[SourceTitle "EXT 2020"]
[Source "ChessBase"]
[SourceDate "2019.10.17"]
[SourceVersion "1"]
[SourceVersionDate "2019.10.17"]
[SourceQuality "1"]
[WhiteTeam "Togliatti Lada"]
[BlackTeam "Tomsk 400"]
[WhiteTeamCountry "RUS"]
[BlackTeamCountry "RUS"]

1. e4 c5 2. Nf3 Nc6 3. d4 cxd4 4. Nxd4 Nf6 5. Nc3 e5 6. Ndb5 d6 7. Bg5 a6 8.
Na3 b5 9. Bxf6 gxf6 10. Nd5 f5 11. Bd3 Be6 12. O-O Bxd5 13. exd5 Ne7 14. Re1
Bg7 15. c3 O-O 16. Qh5 e4 17. Bf1 Qc8 18. Rad1 Re8 19. Nc2 Ng6 20. Qh3 $146 {
This is a new approach, just trying to keep tension of the position and avoid
in many cases the unpleasant ...Re5, attacking the queen on the fifth rank.
Previously White tried more direct plans.} (20. Nd4 Bxd4 21. cxd4 {Taking with
the pawn was suggested by the Georgiam GM M. Gagunashvili. WHite takes away
square d5 from opponent's pieces and at the same time is ready to use the open
c-file, where he has a good square c6 for his rook.} (21. Rxd4 Re5 22. Qh6 Qe8
$11 (22... Qf8 $11)) 21... f4 (21... Qd7 22. g3 $14) (21... Kh8 $5 22. g3 (22.
Qg5 Kg7 23. Rc1 Qd7 24. g3 f4 $1 $132) 22... f4 23. Bh3 Qc4 $132) 22. Rc1 Qd8
$5 (22... Qd7 23. Rc6 f5 24. Rec1 Ra7 25. g3 (25. a4 bxa4 26. Bxa6 e3 $13)
25... fxg3 (25... e3 26. fxe3 fxg3 27. hxg3 Rxe3 28. Qh6 $5 $36) 26. hxg3 Rf8
27. Bh3 Ne7 28. Qg5+ Kh8 29. Qh6 Rd8 30. Qf6+ Kg8 31. f3 $5 $36 Nxc6 $140 $2
32. dxc6 Qe7 33. Qxe7 Rxe7 34. Bxf5 Rc7 35. fxe4 $18) 23. Qf5 $1 (23. Rc6 Qf6
$132 {[%csl Rd4]}) 23... e3 24. fxe3 Rxe3 (24... fxe3 25. g3 $14 {[%cal Gf1d3,
Gh2h4,Gh4h5]}) 25. Rxe3 fxe3 26. g3 Qa5 $1 $132) (20. Nb4 Ne5 (20... a5 21. Nc6
b4 22. cxb4 axb4 23. Nxb4 Qc5 24. Na6 Qb6 25. Qxf5 Rxa6 26. Bxa6 Qxa6 27. Rxe4
Rxe4 28. Qxe4 Bxb2 $11 {1/2-1/2 Delchev,A (2597)-Spasov,V (2543)/La Roda 2005 
(37)}) 21. Nc6 (21. h3 {1/2-1/2 Bologan,V (2650)-Kramnik,V (2785)/Dortmund
2003 (25)} Qd7 $13 {(Bologan)}) 21... Nxc6 22. dxc6 Qxc6 23. Qxf5 Re5 24. Qf4
d5 25. f3 f5 $11 {1-0 Kulaots,K (2593)-Van Wely,L (2680)/Liepaya (rapid) 2004 
(36)}) (20. g3 f4 (20... Re5 21. Bh3 Qc4 22. Ne3 Qxa2 23. Qe2 $16) 21. Nd4 (21.
gxf4 Nxf4 22. Qg5 Ng6 23. Nd4 Bxd4 24. Rxd4 Re5 25. Qg3 f5 26. Bh3 Qf8 $11 {
1/2-1/2 Konguvel,P (2403)-Harika,D (2391)/Visakhapatnam 2004 (55)}) 21... Re5
22. Qh3 Qxh3 23. Bxh3 Rh5 24. Bg2 f5 $13 {/=} (24... Bxd4 25. Rxd4 f5 $13)) (
20. Ne3 $6 Re5 $15 {[%cal Gf5f4]}) 20... Re5 {Anyway. Black protects pawn f5
and prepares to attack d5.} (20... Qc5 $2 21. Qxf5 Re5 22. Qd7 $1 Bf8 (22...
Rxd5 23. Qb7 $18) 23. Rd4 Ra7 (23... Rxd5 24. b4 $18) 24. Qd8 Rxd5 25. Rdxe4
$18 {1-0 Gaponenko,I (2482)-Maksimovic,S (2231) Tusnad 2005 (43)}) 21. Nb4 (21.
g3 Qc5 22. Ne3 Ne7 $15) 21... Qc5 {Right in time to prevent Nc6.} 22. Qe3 {
Otherwise Black plays ...a5 and then takes pawn d5.} Ne7 23. g3 Qxe3 (23... Bf8
$2 {(with the idea to protect pawn d6 and prepare the advance ...a5 rund into}
24. f4 $18 {and the rook is trapped on e5.}) 24. fxe3 (24. Rxe3 a5 25. Nc6 Nxc6
26. dxc6 Rc8 27. Rxd6 Bf8 28. Rd7 Rxc6 $11) 24... a5 (24... Rc8 25. Nxa6 Nxd5
26. a3 $16 {[%csl Rb5,Rd6,Rf5]}) 25. Nc6 Nxc6 26. dxc6 Rc8 27. Rxd6 Bf8 28. Rd7
Rxc6 29. Red1 $14 {/=  After the forced operation Black the game entered a
drawish endgame. White's slight advantage thanks to the control over d-file is
not enough to set any serious problems for Black.} b4 30. c4 Bc5 31. Kf2 Kg7
32. b3 (32. Rb7 Kf6 33. Rdd7 Re7 $11) 32... Rce6 33. R1d5 Kf6 34. Rc7 Bb6 35.
Rb7 Bc5 ({After} 35... Rxd5 36. cxd5 Rd6 37. Bb5 $1 Bd8 38. Bc6 Be7 39. Ra7 Bd8
40. Ke2 {White has some sort of domination, but even this is easy draw, after
for instance} Bb6 ({or} 40... Kg7 41. Be8 Rxd5) 41. Ra6 Bd8 $11) 36. Rb5 {
White wins a pawn, but b4 is well protected and it neutralizes White's pawn
majority.} Rc6 37. Rxa5 Rxd5 38. cxd5 Rc7 39. Bc4 Ke5 40. Ke2 Kd6 41. Ra6+ Ke5
42. Rc6 Bd6 {Black holds easily, since White cannot make use of his extra pawn
on the queenside.} 43. Kd1 Ra7 44. Ra6 Rxa6 45. Bxa6 Bc5 46. Kd2 Kxd5 47. Bc4+
Ke5 48. Bxf7 Bd6 49. Bg8 h6 50. Bh7 Bc5 51. Bg8 1/2-1/2